Penological and geochemical character of the Bár basalt, Baranya County, South Hungary

Based on exploration carried out by deep-drillings near Bár village a small maar-like volcano covering by Quaternary loess and characterized by a sole eruption is proved. Producing a fairly well determinable thin volcanic sequence this eruption is represented by a very thin tuffaceous sheet on the b...

Teljes leírás

Elmentve itt :
Bibliográfiai részletek
Szerző: Szederkényi Tibor
Dokumentumtípus: Cikk
Megjelent: University of Szeged, Department of Mineralogy, Geochemistry and Petrology Szeged 1980
Sorozat:Acta mineralogica-petrographica 24 No. 2
Kulcsszavak:Kőzettan, Ásványtan, Földtan
Tárgyszavak:
Online Access:http://acta.bibl.u-szeged.hu/24656
LEADER 01685nab a2200217 i 4500
001 acta24656
005 20220725145936.0
008 161017s1980 hu o 0|| eng d
022 |a 0365-8066 
040 |a SZTE Egyetemi Kiadványok Repozitórium  |b hun 
041 |a eng 
100 1 |a Szederkényi Tibor 
245 1 0 |a Penological and geochemical character of the Bár basalt, Baranya County, South Hungary  |h [elektronikus dokumentum] /  |c  Szederkényi Tibor 
260 |a University of Szeged, Department of Mineralogy, Geochemistry and Petrology  |b Szeged  |c 1980 
300 |a 235-244 
490 0 |a Acta mineralogica-petrographica  |v 24 No. 2 
520 3 |a Based on exploration carried out by deep-drillings near Bár village a small maar-like volcano covering by Quaternary loess and characterized by a sole eruption is proved. Producing a fairly well determinable thin volcanic sequence this eruption is represented by a very thin tuffaceous sheet on the base of the volcanic succession and a scoria member and a porous, sometimes churned rarely compact basaltic lava mass. The basalt is classified as a leucite basanite turning into analcitebearing basanite at the margins and at some places of the porous inner sections of the volcanic body. Being a conspicuous petrologic difference between Pannonian basalts of Hungary and Bár alkaline rocks, the latter is regarded as an independent volcanic event of the great Pannonian volcanism of Hungary. 
650 4 |a Természettudományok 
650 4 |a Föld- és kapcsolódó környezettudományok 
695 |a Kőzettan, Ásványtan, Földtan 
856 4 0 |u http://acta.bibl.u-szeged.hu/24656/1/mineralogica_024_fasc_002_235-244.pdf  |z Dokumentum-elérés